000 00356 a2200121 4500
000 nam a22 7a 4500
005 20250923163007.0
020 _a9789004695702 (hbk)
100 _aMyrvold Kristina
_9846354
245 _aSikh news in India, 1864-1924: Colonial reports on vernacular newspapers of Punjab (Vol-1)
260 _bBrill
_c2025
942 _cTB
999 _c1463913
_d1463913